| 000 | 00535nam a2200181 u 4500 | ||
|---|---|---|---|
| 005 | 20210223130433.0 | ||
| 008 | 080430s2004 es r 000 0 spa d | ||
| 020 | _a8478648542 | ||
| 035 | _aUPN01000155721 | ||
| 049 | _aI | ||
| 050 | 4 |
_aPZ8.1 _bR5.3a |
|
| 245 | 0 | 0 |
_aRicitos de oro / _cadap. Luz Orihuela ; il. de Maria Espluga. |
| 260 |
_aBarcelona, [Esp.] : _bCombel, _c2004. |
||
| 300 |
_a22 p. : _bil. col. |
||
| 440 | 0 |
_aCaballo alado clásico. _pAl paso ; _v7 |
|
| 650 | 4 |
_aOSOS - _vLITERATURA JUVENIL _98915 |
|
| 905 | _aInfantil | ||
| 999 |
_c127835 _d127835 |
||